MARC

LEADER 00000nam0a2200000 4500
001 53184
005 20231031044950.0
035 |a (RuTPU)RU\TPU\book\55772 
090 |a 53184 
100 |a 20030616d1976 m y0rusy50 ca 
101 0 |a rus 
102 |a RU 
105 |a a j 001zy 
200 1 |a Машиностроительное черчение  |e учебник  |f С. К. Боголюбов, А. В. Воинов  |g Под ред. В. Б. Мартынова 
205 |a 3-е изд., испр. 
210 |a Москва  |c Высшая школа  |d 1976 
215 |a 319 с.  |c ил. 
320 |a Библиогр.: с. 317. 
610 1 |a черчение 
610 1 |a машиностроительное черчение 
610 1 |a конструкторская документация 
610 1 |a чертежи 
610 1 |a эскизы 
610 1 |a детали 
610 1 |a соединения 
610 1 |a передачи 
610 1 |a схемы 
610 1 |a строительное черчение 
610 1 |a чтение 
610 1 |a деталирование 
610 1 |a учебники 
675 |a 744:621(075.8)  |v 3 
700 1 |a Боголюбов  |b С. К.  |g Сергей Константинович 
701 1 |a Воинов  |b А. В.  |g Александр Васильевич 
702 1 |a Мартынов  |b В. Б.  |4 340 
801 1 |a RU  |b 63413507  |c 20030616  |g PSBO 
801 2 |a RU  |b 63413507  |c 20201113  |g PSBO 
942 |c BK